[Event "World Blitz 2025"]
[Site "Doha QAT"]
[Date "2025.12.29"]
[Round "3.14"]
[White "Bharath, Subramaniyam H"]
[Black "Sadhwani, Raunak"]
[Result "1-0"]
[WhiteTitle "GM"]
[BlackTitle "GM"]
[WhiteElo "2576"]
[BlackElo "2638"]
[WhiteFideId "46634827"]
[BlackFideId "35093487"]
[EventDate "2025.12.29"]

1. e4 e5 2. Nf3 Nc6 3. Bc4 Bc5 4. d3 Nf6 5. O-O d6 6. c3 a5 7. Re1 Ba7 8. Bb3
O-O 9. h3 h6 10. d4 Re8 11. Bc2 exd4 12. cxd4 Nb4 13. Nc3 Nxc2 14. Qxc2 c6 15.
Bf4 Be6 16. Rad1 d5 17. e5 Ne4 18. Nxe4 dxe4 19. Nd2 Bxa2 20. b3 Bxd4 21. Nxe4
Qb6 22. Qxa2 Bxe5 23. Nd6 Bxd6 24. Bxd6 Rad8 25. Bf4 Rxe1+ 26. Rxe1 Qb4 27. Rf1
Qxf4 28. Qxa5 Qd2 29. Qb6 Rd7 30. Qa7 Qd5 31. Qa8+ Kh7 32. Qa2 Qd2 33. Qb1+ Qd3
34. Qb2 Re7 35. Qa3 Re5 36. Qa2 Re2 37. Qa4 Rb2 38. b4 Qe4 39. Qd1 Rxb4 40. Qd7
Qd5 41. Qe7 b5 42. Qxb4 1-0

[Event "World Blitz 2025"]
[Site "Doha QAT"]
[Date "2025.12.29"]
[Round "3.15"]
[White "Murzin, Volodar"]
[Black "Drygalov, Sergey"]
[Result "1-0"]
[WhiteTitle "GM"]
[BlackTitle "GM"]
[WhiteElo "2648"]
[BlackElo "2571"]
[WhiteFideId "44155573"]
[BlackFideId "24171743"]
[EventDate "2025.12.29"]

1. e4 c5 2. Nf3 d6 3. Bb5+ Nd7 4. Ba4 Nf6 5. O-O e6 6. d3 Be7 7. c4 O-O 8. Nc3
a6 9. h3 Nb8 10. Kh1 Bd7 11. Bxd7 Qxd7 12. Nh2 b5 13. b3 Nc6 14. f4 Qb7 15. Be3
Rad8 16. Ne2 Nd7 17. Nf3 f5 18. exf5 exf5 19. Rc1 Bf6 20. d4 Rfe8 21. Bg1 cxd4
22. Bxd4 b4 23. Rc2 Nxd4 24. Nexd4 g6 25. Re2 Nc5 26. Rxe8+ Rxe8 27. Nc2 Ne4 28.
Kh2 a5 29. Qd3 Kg7 30. Ne3 Nc5 31. Qxd6 Ne4 32. Qd3 Nc5 33. Qd2 Ne4 34. Qe1 Nc3
35. Nxf5+ gxf5 36. Qxe8 Qc7 37. Ne5 Ne4 38. Qd7+ Qxd7 39. Nxd7 Bd4 40. Rd1 Be3
41. g3 Bf2 42. Rd3 Nc3 43. c5 Kf7 44. c6 Nb5 45. Rd5 Nc7 46. Rxf5+ 1-0

[Event "World Blitz 2025"]
[Site "Doha QAT"]
[Date "2025.12.29"]
[Round "3.16"]
[White "Sindarov, Javokhir"]
[Black "Galaviz Medina, Sion Radamantys"]
[Result "1-0"]
[WhiteTitle "GM"]
[BlackTitle "IM"]
[WhiteElo "2726"]
[BlackElo "2514"]
[WhiteFideId "14205483"]
[BlackFideId "5123119"]
[EventDate "2025.12.29"]

1. e4 c5 2. Nf3 Nc6 3. Nc3 g6 4. d4 cxd4 5. Nxd4 Bg7 6. Be3 Nf6 7. Nxc6 bxc6 8.
e5 Ng8 9. Bd4 Qa5 10. Bc4 Bxe5 11. O-O f6 12. Re1 Nh6 13. Qe2 Nf5 14. Bxe5 fxe5
15. Qxe5 Qxe5 16. Rxe5 e6 17. Ra5 Ke7 18. Bd3 Nd6 19. Re1 Rf8 20. h4 Rf6 21. h5
gxh5 22. Rxh5 h6 23. Ne4 Nxe4 24. Rxe4 Kf7 25. Reh4 Kg7 26. g4 Rf4 27. Rxh6
Rxg4+ 28. Rxg4+ Kxh6 29. Rg6+ Kh5 30. Rg7 c5 31. f4 a5 32. Rg5+ Kh4 33. Kf2 Bb7
34. Be2 Rh8 35. Rxc5 Be4 36. c3 d5 37. Rxa5 Rf8 38. Ke3 Kg3 39. Ra7 Rb8 40. Rg7+
Kh2 41. b4 Ra8 42. Bd3 Bxd3 43. Kxd3 Rxa2 44. Rg6 Rf2 45. Rxe6 Rxf4 46. b5 Kg3
47. b6 Rf1 48. Kd4 Rd1+ 49. Kc5 Rc1 50. Kxd5 Rxc3 51. b7 Rb3 52. Kc6 Kf4 53. Kc7 1-0

[Event "World Blitz 2025"]
[Site "Doha QAT"]
[Date "2025.12.29"]
[Round "3.17"]
[White "Lobanov, Sergei"]
[Black "Harikrishna, Pentala"]
[Result "1/2-1/2"]
[WhiteTitle "GM"]
[BlackTitle "GM"]
[WhiteElo "2527"]
[BlackElo "2693"]
[WhiteFideId "24183750"]
[BlackFideId "5007003"]
[EventDate "2025.12.29"]

1. d4 Nf6 2. c4 e6 3. Nc3 Bb4 4. e3 c5 5. Bd3 O-O 6. Ne2 cxd4 7. exd4 d5 8. cxd5
Nxd5 9. O-O Nc6 10. Nxd5 exd5 11. Nf4 g6 12. Be3 Re8 13. Qf3 Be6 14. Nxe6 Rxe6
15. Bc2 Qd7 16. Bb3 Rd8 17. Rad1 Bf8 18. h3 Na5 19. Bc2 Bg7 20. Bb1 Rde8 21. Bd3
Nc6 22. Bb1 Qd8 23. a3 Qd7 24. Ba2 Rd8 25. Rd3 Re4 26. Rfd1 Rde8 27. Rc1 Bxd4
28. Bf4 Qf5 29. Bg3 Qxf3 30. gxf3 Re1+ 31. Rxe1 Rxe1+ 32. Kg2 Bxb2 33. Rb3 Be5
34. Rxb7 Bxg3 35. Kxg3 Re7 36. Rb5 d4 37. Rd5 Kg7 38. Rd6 Ne5 39. Rxd4 Rb7 40.
f4 Nc6 41. Rc4 Ne7 42. Kg2 Rb2 43. Rc7 Rxa2 44. Rxe7 Rxa3 45. f5 g5 46. Rc7 Kf6
47. Rc6+ Kxf5 48. Rh6 a5 49. Rxh7 f6 50. h4 a4 51. hxg5 Kxg5 52. Ra7 Kf4 53. Ra6
f5 54. Ra5 Ra1 55. Ra8 a3 56. Ra4+ Ke5 57. Ra5+ Ke4 58. Ra4+ Ke5 59. Ra5+ Kf4
60. Ra4+ Kg5 61. Kf3 Ra2 62. Ra6 Ra1 63. Ra5 Ra2 64. Ra6 Kh5 65. Ra5 Kg6 66. Kg3
Kf6 67. f3 Kg5 68. Ra6 f4+ 69. Kh3 Ra1 70. Ra5+ Kf6 71. Kg4 Ke6 72. Kxf4 Kd6 73.
Ra8 Kc5 74. Kf5 Kb4 75. Rb8+ Kc4 76. Rc8+ Kb4 77. Rb8+ Kc4 78. Rc8+ 1/2-1/2

[Event "World Blitz 2025"]
[Site "Doha QAT"]
[Date "2025.12.29"]
[Round "3.18"]
[White "Ahmad, Khagan"]
[Black "Iturrizaga Bonelli, Eduardo"]
[Result "0-1"]
[WhiteTitle "IM"]
[BlackTitle "GM"]
[WhiteElo "2472"]
[BlackElo "2592"]
[WhiteFideId "13431552"]
[BlackFideId "3901211"]
[EventDate "2025.12.29"]

1. e4 c6 2. d4 d5 3. Nc3 dxe4 4. Nxe4 Nf6 5. Nxf6+ exf6 6. Be3 a5 7. Bd3 Na6 8.
a3 g6 9. h4 h5 10. Qe2 Be7 11. Nh3 Nc7 12. O-O-O Nd5 13. Nf4 Nxf4 14. Bxf4 Kf8
15. Rhe1 Bd6 16. Bxd6+ Qxd6 17. Bxg6 Bg4 18. f3 Be6 19. Be4 f5 20. Bd3 Qxd4 21.
Kb1 Qf6 22. Bc4 Re8 23. Rd6 Qxh4 24. Bxe6 Rh6 25. Qe5 Rexe6 26. Rxe6 Rxe6 27.
Qh8+ Ke7 28. Rd1 Rd6 29. Qe5+ Re6 30. Qb8 Kf6 31. Qd8+ Re7 32. Qh8+ Kg6 33. Qg8+
Kf6 34. Qh8+ Kg6 35. Rd6+ Re6 36. Qg8+ Kh6 37. Qf8+ Kg6 38. Rd7 Qf6 39. Rxb7
Re1+ 40. Ka2 Qe6+ 41. b3 Qf6 42. Qg8+ Kh6 43. Qf8+ Kg6 44. Qg8+ Kh6 45. Qf8+ Kg5
46. Qg8+ Kh4 47. g3+ Kh3 48. b4 Qc3 0-1

[Event "World Blitz 2025"]
[Site "Doha QAT"]
[Date "2025.12.29"]
[Round "3.19"]
[White "Rapport, Richard"]
[Black "Pranav, Anand"]
[Result "0-1"]
[WhiteTitle "GM"]
[BlackTitle "GM"]
[WhiteElo "2741"]
[BlackElo "2591"]
[WhiteFideId "738590"]
[BlackFideId "46626786"]
[EventDate "2025.12.29"]

1. e4 c5 2. Nf3 d6 3. Bc4 Nf6 4. d3 Nc6 5. O-O e6 6. Nbd2 Be7 7. Re1 O-O 8. a4
b6 9. c3 Bb7 10. Ba2 Qc7 11. Nf1 a6 12. Ng3 b5 13. d4 cxd4 14. cxd4 bxa4 15. Bb1
Rfd8 16. Rxa4 a5 17. d5 Nb4 18. dxe6 fxe6 19. Nd4 Qd7 20. Bd2 Kh8 21. Bxb4 axb4
22. Rxb4 d5 23. Rxb7 Qxb7 24. Nxe6 dxe4 25. Nxd8 Rxd8 26. Qe2 Bb4 27. Rc1 Bd2
28. Rd1 e3 29. Nf1 exf2+ 30. Qxf2 Ba5 31. Rxd8+ Bxd8 32. Kh1 g6 33. h3 Kg7 34.
Qd2 Bc7 35. Ne3 Qb6 36. b4 Qe6 37. Ba2 Qe5 38. Nf1 Qa1 39. Bc4 Qe5 40. b5 Qc5
41. Bd3 Bb6 42. Kh2 Qg1+ 43. Kg3 Nh5+ 44. Kf3 Qd4 45. g4 Nf6 46. Ng3 Qd5+ 47.
Ke2 Qg2+ 0-1

[Event "World Blitz 2025"]
[Site "Doha QAT"]
[Date "2025.12.29"]
[Round "3.20"]
[White "Sklokin, Sergey"]
[Black "Gukesh, D"]
[Result "1-0"]
[WhiteTitle "FM"]
[BlackTitle "GM"]
[WhiteElo "2407"]
[BlackElo "2754"]
[WhiteFideId "55730230"]
[BlackFideId "46616543"]
[EventDate "2025.12.29"]

1. e4 c5 2. Nf3 d6 3. d4 cxd4 4. Nxd4 Nf6 5. Nc3 a6 6. Bc4 e6 7. a3 b5 8. Bb3
Be7 9. f3 O-O 10. Be3 Bb7 11. Qe2 Nbd7 12. O-O-O Nc5 13. g4 Nfd7 14. h4 Rc8 15.
Kb1 Nb6 16. g5 d5 17. exd5 Nxb3 18. cxb3 Nxd5 19. Ne4 Qd7 20. h5 e5 21. Nc2 Qf5
22. Rhg1 Rfd8 23. g6 fxg6 24. hxg6 h6 25. Bc1 Nf6 26. Ne3 Bxe4+ 27. fxe4 Qxe4+
28. Ka2 Bc5 29. Rge1 Qxg6 30. Rg1 Qe4 31. Rxd8+ Rxd8 32. Qf2 Kh7 33. Qg3 Rd7 34.
Qh3 Rd3 35. Qg3 g5 36. Re1 Nd5 37. Nxd5 Qxd5 38. Qg4 Qxb3+ 39. Kb1 Qf7 40. Qe4+
Qg6 41. Qxg6+ Kxg6 42. Rxe5 Bg1 43. Re6+ Kh5 44. Kc2 Rd5 45. Rxa6 Rc5+ 46. Kd1
Rd5+ 47. Ke2 Bd4 48. b4 Re5+ 49. Kd3 Bf2 50. Ra5 g4 51. Ra6 g3 52. Rxh6+ Kg4 53.
Rg6+ Kh3 54. Rh6+ Kg4 55. Rg6+ Kf5 56. Rg5+ Kf6 57. Rg4 Kf5 58. Rg5+ Ke6 59. Rg4
Kd5 60. Bf4 Rf5 61. Ke2 Bd4 62. Bxg3 Bb2 63. Rf4 Rg5 64. Rf3 Kc4 65. Bf2 Re5+
66. Kd2 Re4 67. Kc2 Re2+ 68. Kd1 Re4 69. Kc2 Be5 70. Re3 Rf4 71. Bg3 Rg4 72.
Bxe5 Rg2+ 73. Kd1 Kd5 74. Bc3 Kc4 75. Bd2 Rg1+ 76. Kc2 Rg4 77. Rc3+ Kd4 78. Rc5
Rg3 79. Bc3+ Ke4 80. Rxb5 1-0

[Event "World Blitz 2025"]
[Site "Doha QAT"]
[Date "2025.12.29"]
[Round "3.21"]
[White "Safarli, Eltaj"]
[Black "Goutham Krishna H"]
[Result "1/2-1/2"]
[WhiteTitle "GM"]
[BlackTitle "IM"]
[WhiteElo "2644"]
[BlackElo "2433"]
[WhiteFideId "13402129"]
[BlackFideId "25983504"]
[EventDate "2025.12.29"]

1. e4 b6 2. d4 Bb7 3. Bd3 e6 4. Nf3 d5 5. exd5 Qxd5 6. O-O Nf6 7. c4 Qd8 8. Nc3
Be7 9. Re1 O-O 10. Qe2 Re8 11. Bg5 Nbd7 12. Rad1 h6 13. Bf4 Nh5 14. Bc1 Nhf6 15.
Ne5 Bd6 16. Bb1 Qe7 17. Rd3 c5 18. Nxd7 Nxd7 19. Red1 Nf6 20. dxc5 Bxc5 21. h3
Bc6 22. a3 a5 23. Rg3 Qc7 24. Kh1 Kf8 25. Be3 Rad8 26. Bxc5+ bxc5 27. Re1 Rd4
28. Rd1 Red8 29. Rgd3 Qb7 30. f3 Nh5 31. Qe5 Rxd3 32. Rxd3 Rxd3 33. Bxd3 Qxb2
34. Qxc5+ Kg8 35. Qxc6 Qc1+ 36. Kh2 Qf4+ 37. Kg1 Qe3+ 38. Kh2 Qe5+ 39. Kg1 Qe3+
40. Kh1 Qe1+ 41. Kh2 Qe5+ 42. Kg1 Qe3+ 43. Kh2 Qe5+ 1/2-1/2

[Event "World Blitz 2025"]
[Site "Doha QAT"]
[Date "2025.12.29"]
[Round "3.22"]
[White "Siddharth, Jagadeesh"]
[Black "Alekseenko, Kirill"]
[Result "0-1"]
[WhiteTitle "GM"]
[BlackTitle "GM"]
[WhiteElo "2489"]
[BlackElo "2659"]
[WhiteFideId "5818320"]
[BlackFideId "4135539"]
[EventDate "2025.12.29"]

1. c4 e5 2. Nc3 d6 3. Nf3 f5 4. d4 e4 5. Ng1 Nf6 6. Bf4 Be7 7. e3 O-O 8. h4 c6
9. h5 h6 10. Bg3 Be6 11. Nh3 Bf7 12. Nf4 Na6 13. Be2 Nc7 14. b4 d5 15. c5 Ne6
16. Nxe6 Bxe6 17. b5 Bd7 18. bxc6 Bxc6 19. O-O Kh7 20. Nb5 Ne8 21. Qb3 a6 22.
Nc3 Bg5 23. Bf4 Bxf4 24. exf4 Nc7 25. g3 Qf6 26. Rfd1 Rae8 27. Nb1 Ne6 28. Qc3
Rc8 29. a4 Rfe8 30. Ra3 Qf7 31. Qe3 Nf8 32. Nc3 Nd7 33. Kg2 Nf6 34. Rh1 Rb8 35.
Rb3 Rec8 36. Rhb1 Ra8 37. Rh1 Rc7 38. Qd2 Qe8 39. a5 Re7 40. Nd1 Ba4 41. Rb6
Bxd1 42. Bxd1 e3 43. fxe3 Rxe3 44. Bf3 Rxf3 0-1

[Event "World Blitz 2025"]
[Site "Doha QAT"]
[Date "2025.12.29"]
[Round "3.23"]
[White "Smirnov, Mark"]
[Black "Pranav, V"]
[Result "0-1"]
[WhiteTitle "FM"]
[BlackTitle "GM"]
[WhiteElo "2420"]
[BlackElo "2641"]
[WhiteFideId "13764594"]
[BlackFideId "25060783"]
[EventDate "2025.12.29"]

1. Nf3 Nf6 2. b3 d5 3. Bb2 Bg4 4. e3 Nbd7 5. h3 Bh5 6. d3 e6 7. Nbd2 Bd6 8. e4
dxe4 9. dxe4 Bxf3 10. Qxf3 Be5 11. Bxe5 Nxe5 12. Qc3 Ng6 13. g3 Qd6 14. Bg2
O-O-O 15. O-O-O e5 16. Qa5 Qd4 17. Rhf1 a6 18. c3 Qd6 19. Nc4 Qe7 20. Kc2 Kb8
21. Ne3 Qe6 22. Nf5 Qc6 23. Nxg7 Ne7 24. Qb4 Rd6 25. Rxd6 cxd6 26. Rd1 Kc7 27.
Bf3 h5 28. Bh1 Rg8 29. Nf5 Nxf5 30. exf5 e4 31. c4 d5 32. Qc3 dxc4 33. bxc4 Kb8
34. Kb3 Nd7 35. Qd4 Nc5+ 36. Kc3 Ka8 37. Bg2 Qa4 38. Kb2 Rc8 39. Bf1 Rc6 40. Kc1
Qxa2 41. Qb2 Qa5 42. Kc2 Qa4+ 43. Kc1 Nb3+ 44. Kb1 Rb6 45. c5 Nd2+ 46. Rxd2
Rxb2+ 47. Kxb2 Qb4+ 48. Kc2 Qxc5+ 49. Kd1 Qxf5 50. Ke2 Qf3+ 51. Ke1 e3 0-1

[Event "World Blitz 2025"]
[Site "Doha QAT"]
[Date "2025.12.29"]
[Round "3.25"]
[White "Artemiev, Vladislav"]
[Black "Zhang, Zhong"]
[Result "1-0"]
[WhiteTitle "GM"]
[BlackTitle "GM"]
[WhiteElo "2641"]
[BlackElo "2561"]
[WhiteFideId "24101605"]
[BlackFideId "8600694"]
[EventDate "2025.12.29"]

1. c4 e6 2. Nc3 d5 3. d4 Nf6 4. cxd5 exd5 5. Bg5 Be7 6. e3 c6 7. Bd3 O-O 8. Nf3
Nbd7 9. Qc2 h6 10. Bf4 Nh5 11. Be5 Nhf6 12. h3 Nxe5 13. dxe5 Nd7 14. O-O Nc5 15.
Be2 a5 16. Rad1 Qb6 17. Nd4 f6 18. e6 Nxe6 19. Nf5 Bb4 20. Na4 Qc7 21. e4 Nf4
22. Bg4 b5 23. Nc3 Bxc3 24. bxc3 h5 25. Bf3 Bxf5 26. exf5 Rae8 27. h4 Qe5 28.
Kh1 b4 29. cxb4 axb4 30. Qxc6 Qxf5 31. Qc5 Rb8 32. g3 Ng6 33. Qxd5+ Qxd5 34.
Rxd5 Ne5 35. Bxh5 Ra8 36. Rd2 Rfd8 37. Rc2 Ra3 38. Rb2 Rda8 39. Bd1 Nd3 40. Bb3+
Kh8 41. Rc2 R3a5 42. Rd1 Nc5 43. Bc4 Ne4 44. Bb3 Nc3 45. Rdd2 Kh7 46. Kg2 Kg6
47. Rd4 Nxa2 48. Rg4+ Kh6 49. Rc7 R5a7 50. Rcc4 Ra3 51. Bc2 g5 52. hxg5+ fxg5
53. Rc6+ Kh5 54. Rgc4 Rg8 55. g4+ 1-0

[Event "World Blitz 2025"]
[Site "Doha QAT"]
[Date "2025.12.29"]
[Round "3.26"]
[White "Kadric, Denis"]
[Black "Le, Quang Liem"]
[Result "0-1"]
[WhiteTitle "GM"]
[BlackTitle "GM"]
[WhiteElo "2543"]
[BlackElo "2731"]
[WhiteFideId "14403803"]
[BlackFideId "12401137"]
[EventDate "2025.12.29"]

1. e4 e5 2. Nf3 Nc6 3. Bc4 Bc5 4. c3 Nf6 5. d3 d6 6. O-O O-O 7. Re1 Bb6 8. h3
Ne7 9. d4 Ng6 10. Bf1 Re8 11. Nbd2 c6 12. Qc2 h6 13. a4 Bc7 14. dxe5 Nxe5 15.
Nxe5 dxe5 16. Nc4 Be6 17. Be3 Bxc4 18. Bxc4 Bb6 19. b4 Bxe3 20. Rxe3 a5 21. Qb3
Qc7 22. Rb1 Re7 23. Be2 Rd7 24. Rd1 Rad8 25. Rxd7 Rxd7 26. Qc4 axb4 27. cxb4 Rd4
28. Qb3 Nxe4 29. b5 Nc5 30. Qc2 Nxa4 31. bxc6 bxc6 32. Bb5 Nb6 33. Qxc6 Qxc6 34.
Bxc6 Nc4 35. Re2 f6 36. g3 Kf7 0-1

[Event "World Blitz 2025"]
[Site "Doha QAT"]
[Date "2025.12.29"]
[Round "3.27"]
[White "Nguyen, Ngoc Truong Son"]
[Black "Indjic, Aleksandar"]
[Result "1/2-1/2"]
[WhiteTitle "GM"]
[BlackTitle "GM"]
[WhiteElo "2600"]
[BlackElo "2635"]
[WhiteFideId "12401110"]
[BlackFideId "911925"]
[EventDate "2025.12.29"]

1. e4 e5 2. Nf3 Nc6 3. Nc3 Nf6 4. d4 Bb4 5. Nxe5 Bxc3+ 6. bxc3 Qe7 7. Nxc6 Qxe4+
8. Be2 Qxc6 9. O-O d5 10. Rb1 a6 11. c4 Be6 12. c5 O-O 13. Bd3 Rfe8 14. Rb3 b6
15. cxb6 cxb6 16. Bf4 Bg4 17. Qd2 Ne4 18. Qb4 Qf6 19. Be5 Qg5 20. Bxe4 dxe4 21.
Rg3 f6 22. h3 fxe5 23. Rxg4 Qf5 24. d5 Rac8 25. d6 b5 26. a4 Rc4 27. Qb3 h5 28.
Rg3 Qd7 29. Rd1 Kh7 30. axb5 axb5 31. Qe3 Qf5 32. Rg5 Qf7 33. d7 Rd8 34. Qb6
Rxd7 35. Rxd7 Qxd7 36. Qg6+ Kg8 37. Rxe5 Rc8 38. Rxe4 Qf7 39. Qxf7+ Kxf7 40. Re5
g6 41. Re2 b4 42. h4 Kf6 43. g3 Kf5 44. Kg2 Rc3 45. Rd2 b3 46. cxb3 Rxb3 47. Rd6
Ra3 48. Rb6 Rc3 49. Kf1 Rc2 50. Ke1 Ra2 51. Rb5+ Kf6 52. Rd5 Rb2 53. Rd2 Rb3 54.
Ke2 Kf5 55. Rd5+ Kf6 56. Rd3 Rb2+ 57. Ke3 Ra2 58. Rd6+ Kf5 59. Rd5+ Kf6 60. f3
Ra3+ 61. Ke4 Ra4+ 62. Rd4 Ra1 63. Kf4 Ra6 64. Ke4 Re6+ 65. Kf4 Ra6 66. Rb4 Rc6
67. Re4 Ra6 68. Rc4 Rb6 69. Ke4 Re6+ 70. Kd5 Re2 71. g4 hxg4 72. fxg4 Rh2 73.
Rf4+ Kg7 74. g5 Ra2 75. Rc4 Ra7 76. Kd6 Ra6+ 77. Rc6 Ra4 78. Rc7+ Kg8 79. Ke6
Rxh4 80. Kf6 Ra4 81. Rc8+ Kh7 82. Rc7+ Kg8 83. Re7 Ra6+ 84. Re6 Ra8 85. Kxg6 Rb8
86. Kh6 Ra8 87. Rg6+ Kh8 88. Rf6 Kg8 89. Rg6+ Kh8 90. Rf6 1/2-1/2

[Event "World Blitz 2025"]
[Site "Doha QAT"]
[Date "2025.12.29"]
[Round "3.28"]
[White "Paravyan, David"]
[Black "Esipenko, Andrey"]
[Result "1/2-1/2"]
[WhiteTitle "GM"]
[BlackTitle "GM"]
[WhiteElo "2582"]
[BlackElo "2698"]
[WhiteFideId "4194985"]
[BlackFideId "24175439"]
[EventDate "2025.12.29"]

1. e4 e5 2. Nf3 Nc6 3. Bc4 Nf6 4. d3 Be7 5. O-O O-O 6. h3 d6 7. a3 a5 8. a4 h6
9. Nbd2 Re8 10. c3 Be6 11. Re1 Bf8 12. Bxe6 Rxe6 13. Qb3 1/2-1/2

[Event "World Blitz 2025"]
[Site "Doha QAT"]
[Date "2025.12.29"]
[Round "3.29"]
[White "Ivanchuk, Vasyl"]
[Black "Sasikiran, Krishnan"]
[Result "1-0"]
[WhiteTitle "GM"]
[BlackTitle "GM"]
[WhiteElo "2607"]
[BlackElo "2538"]
[WhiteFideId "14100010"]
[BlackFideId "5004985"]
[EventDate "2025.12.29"]

1. Nf3 d5 2. c4 c6 3. e3 Nf6 4. Nc3 e6 5. b3 Bd6 6. Bb2 O-O 7. Be2 Re8 8. d4
Nbd7 9. O-O b6 10. Qc2 Bb7 11. Rfd1 Rc8 12. Rac1 c5 13. dxc5 bxc5 14. g3 a6 15.
Nh4 Qc7 16. cxd5 exd5 17. Bf3 Nb6 18. Na4 Nbd7 19. Bg2 Bf8 20. Bh3 d4 21. Bxd4
Qc6 22. Bg2 Qb5 23. Ba1 Bxg2 24. Nxg2 c4 25. bxc4 Qc6 1-0

[Event "World Blitz 2025"]
[Site "Doha QAT"]
[Date "2025.12.29"]
[Round "3.30"]
[White "Moussard, Jules"]
[Black "Oro, Faustino"]
[Result "1-0"]
[WhiteTitle "GM"]
[BlackTitle "IM"]
[WhiteElo "2600"]
[BlackElo "2503"]
[WhiteFideId "642908"]
[BlackFideId "20000197"]
[EventDate "2025.12.29"]

1. Nf3 Nf6 2. b3 d5 3. e3 Bf5 4. Be2 h6 5. Ba3 Nbd7 6. c4 e6 7. Bxf8 Nxf8 8. Nc3
N8d7 9. cxd5 exd5 10. b4 O-O 11. Qb3 c6 12. O-O Bg4 13. Nd4 Bxe2 14. Ncxe2 Ne4
15. Qc2 Rc8 16. d3 Nd6 17. Rfc1 Re8 18. a4 Ne5 19. Ra3 Qf6 20. h3 Qe7 21. Rc3
Nd7 22. Qb3 Qe5 23. Nf4 Red8 24. b5 c5 25. Nf3 Qe8 26. Qxd5 Nb6 27. Qb3 c4 28.
dxc4 Ne4 29. R3c2 Nc5 30. Qa3 Nbxa4 31. Nd4 Qe5 32. Nd5 a6 33. bxa6 bxa6 34. Ra2
Re8 35. Rd1 a5 36. Qc1 Qb8 37. Qc2 Nb6 38. Rb1 Ncd7 39. Nxb6 Nxb6 40. c5 Qe5 1-0

[Event "World Blitz 2025"]
[Site "Doha QAT"]
[Date "2025.12.29"]
[Round "3.31"]
[White "Tin, Jingyao"]
[Black "Pichot, Alan"]
[Result "0-1"]
[WhiteTitle "GM"]
[BlackTitle "GM"]
[WhiteElo "2584"]
[BlackElo "2597"]
[WhiteFideId "5804418"]
[BlackFideId "110973"]
[EventDate "2025.12.29"]

1. d4 Nf6 2. c4 e6 3. Nc3 Bb4 4. Qc2 d6 5. Nf3 O-O 6. Bd2 b6 7. e4 c5 8. a3 Bxc3
9. Bxc3 cxd4 10. Nxd4 e5 11. Nf3 Be6 12. Be2 Qc7 13. O-O Rc8 14. Rac1 Nbd7 15.
Nd2 Qb7 16. b3 a6 17. f3 b5 18. Kh1 Rc6 19. Rfd1 Rac8 20. Qb2 h5 21. Bb4 h4 22.
cxb5 axb5 23. Nf1 Qb6 24. Rxc6 Rxc6 25. Bd2 h3 26. Be3 hxg2+ 27. Kxg2 Qb8 28.
Rc1 Rxc1 29. Qxc1 d5 30. exd5 Bxd5 31. Qc3 Qa8 32. Bxb5 Bxf3+ 33. Kg1 Bh1 34.
Qd2 Nf8 35. Ng3 Bf3 36. a4 Ne6 37. Bc4 Nd5 38. Qf2 Nxe3 39. Qxe3 Nd4 40. Qxe5
Bh1 0-1

[Event "World Blitz 2025"]
[Site "Doha QAT"]
[Date "2025.12.29"]
[Round "3.32"]
[White "Mamedov, Rauf"]
[Black "Khubukshanov, Erdem"]
[Result "1-0"]
[WhiteTitle "GM"]
[BlackTitle "IM"]
[WhiteElo "2645"]
[BlackElo "2502"]
[WhiteFideId "13401653"]
[BlackFideId "54114527"]
[EventDate "2025.12.29"]

1. e4 e5 2. Nc3 Nc6 3. g3 Nf6 4. Bg2 Bc5 5. d3 d6 6. h3 O-O 7. Nge2 Be6 8. O-O
h6 9. Kh2 d5 10. f4 dxe4 11. f5 Bc8 12. Nxe4 Nxe4 13. Bxe4 f6 14. g4 Nd4 15. Ng3
Nb5 16. h4 Nd6 17. Bd5+ Kh8 18. Bg2 Bd7 19. Qe2 Bc6 20. Bxc6 bxc6 21. g5 fxg5
22. hxg5 hxg5 23. Qh5+ Kg8 24. Bxg5 Qe8 25. Qg4 Qd7 26. Rae1 Rae8 27. Kg2 Rf7
28. Qh3 Ref8 29. Rxe5 Bd4 30. Rh1 Rxf5 31. Qh7+ Kf7 32. Rxf5+ Nxf5 33. Qxf5+
Qxf5 34. Nxf5 Bxb2 35. Ng3 Kg6 36. Be3 a5 37. Rh4 Bc3 38. Rg4+ Kh7 39. Rc4 Be5
40. Rxc6 Rb8 41. Rc5 Bd6 42. Rc4 Rb2 43. a4 Ra2 44. Ne4 Bb4 45. Nc5 Kg6 46. Kf3
Kf5 47. c3 Ba3 48. Ne4 Bd6 49. Nxd6+ cxd6 50. Rf4+ Ke5 51. Bd4+ Kd5 52. Bxg7 Ra1
53. Rf5+ Ke6 54. Rxa5 1-0

[Event "World Blitz 2025"]
[Site "Doha QAT"]
[Date "2025.12.29"]
[Round "3.33"]
[White "Sargsyan, Shant"]
[Black "Ohanyan, Emin"]
[Result "1-0"]
[WhiteTitle "GM"]
[BlackTitle "GM"]
[WhiteElo "2665"]
[BlackElo "2493"]
[WhiteFideId "13306766"]
[BlackFideId "13312022"]
[EventDate "2025.12.29"]

1. Nf3 d5 2. e3 c5 3. b3 g6 4. Bb2 Nf6 5. c4 dxc4 6. Bxc4 Bg7 7. O-O O-O 8. d4
cxd4 9. Nxd4 Bd7 10. Nd2 Nc6 11. N2f3 Rc8 12. Qe2 Nxd4 13. Bxd4 a6 14. Ne5 b5
15. Bd3 Be6 16. Rac1 Qd6 17. Qb2 Nd7 18. Nf3 Bxd4 19. Nxd4 Bd5 20. Be2 Bb7 21.
Rfd1 Qf6 22. Qd2 Ne5 23. f3 Rfd8 24. Rxc8 Rxc8 25. Rc1 Rxc1+ 26. Qxc1 Nc6 27.
Nxc6 Qxc6 28. Qxc6 Bxc6 29. b4 e5 30. Kf2 f6 31. Bd1 Bd5 32. a4 bxa4 33. Bxa4
Kf7 34. Ke2 Bc4+ 35. Kd2 Bb5 36. Bb3+ Ke7 37. h4 h6 38. Kc3 g5 39. g3 Kd6 40.
Bc4 gxh4 41. gxh4 Bxc4 42. Kxc4 f5 43. f4 exf4 44. exf4 Kc6 45. h5 Kb6 46. Kc3
Kb5 47. Kb3 Kb6 48. Ka4 Kc7 49. Ka5 Kb7 50. b5 axb5 51. Kxb5 Kc7 52. Kc5 Kd7 53.
Kd5 Ke7 54. Ke5 Kf8 55. Kf6 Kg8 56. Kg6 1-0

[Event "World Blitz 2025"]
[Site "Doha QAT"]
[Date "2025.12.29"]
[Round "3.34"]
[White "Sahidi, Samir"]
[Black "Mitrabha, Guha"]
[Result "1/2-1/2"]
[WhiteTitle "IM"]
[BlackTitle "GM"]
[WhiteElo "2516"]
[BlackElo "2508"]
[WhiteFideId "14936372"]
[BlackFideId "5057000"]
[EventDate "2025.12.29"]

1. e4 c6 2. Nf3 d5 3. Nc3 Bg4 4. h3 Bxf3 5. Qxf3 e6 6. g3 Nd7 7. d4 Qb6 8. Qd3
Bb4 9. Bg2 dxe4 10. Bxe4 O-O-O 11. Be3 Qa5 12. Qc4 Ngf6 13. Bg2 Nb6 14. Qb3 Nfd5
15. Bd2 Nc7 16. a3 Rxd4 17. O-O-O Bxc3 18. Bxc3 Qg5+ 19. Bd2 Qf5 20. Be3 Rxd1+
21. Rxd1 Ncd5 22. Bxd5 exd5 23. Bxb6 axb6 24. Qxb6 Qxh3 25. Qa7 Kc7 26. Re1 Qd7
27. Qd4 f6 28. Qf4+ Kc8 29. Qa4 Rd8 30. Kb1 h6 31. Re3 Kb8 32. Qf4+ Qc7 33. Qb4
c5 34. Qg4 d4 35. Re1 c4 36. Rd1 d3 37. Kc1 Qe5 38. Qxc4 d2+ 39. Kb1 Qd6 40. Qe4
h5 41. Qf3 g6 42. c3 f5 43. Kc2 Qd7 44. Qf4+ Qc7 45. Qxc7+ Kxc7 46. Rxd2 Re8 47.
Kd1 g5 48. Rd5 Rf8 49. Ke2 Kc6 50. Re5 Kd6 51. Rb5 Rf7 52. Kf3 Ke6 53. a4 Rd7
54. c4 g4+ 55. Kg2 Rd2 56. Rxb7 h4 57. gxh4 f4 58. Kf1 Kf5 59. Ke1 Rc2 60. Re7
Rxc4 61. a5 Ra4 62. Ra7 Ke4 63. Ke2 Ra2 64. Re7+ Kf5 65. Rf7+ Ke5 66. Re7+ Kf6
67. Rb7 Rxa5 68. Rb4 Ke5 69. Kf1 Rc5 70. Kg2 Rc2 71. Rb5+ Ke6 72. Rb4 Kf5 73.
Rb5+ Kf6 74. Rb4 Ke5 75. Rb5+ Ke4 76. Rb4+ Ke5 1/2-1/2